000 00473nam a22001697a 4500
003 BD-ChCU
005 20260205121452.0
008 260205b bg ||||| |||| 00| 0 ben d
040 _cBD-ChCU
082 _a615.1 TAD
100 _aTalalay, Paul ed.
_920123
245 _aDrugs in our society :
_bbased on a conference.//
_cPaul, Talalay ed.
260 _aBaltimore,
_bJohns Hopkins Press.
_c1964
300 _aviii, 311p
650 0 _aDrugs.
_920124
942 _2ddc
_cBK
_n0
999 _c111495
_d111495